书目信息 |
| 题名: |
房地产项目全流程成本控制
|
|
| 作者: | 史永明 , 计富元 编著 | |
| 分册: | ||
| 出版信息: | 北京 化学工业出版社 2022 |
|
| 页数: | 210页 | |
| 开本: | 24cm | |
| 丛书名: | ||
| 单 册: | ||
| 中图分类: | F293.342 , F293.3 | |
| 科图分类: | ||
| 主题词: | 房地产企业--成本管理 | |
| 电子资源: | ||
| ISBN: | 978-7-122-39842-0 | |
| 000 | 00935nam0 2200241 450 | |
| 001 | 2276398163 | |
| 005 | 20221012211353.74 | |
| 010 | @a978-7-122-39842-0@dCNY68.00 | |
| 100 | @a20220507d2022 em y0chiy50 ea | |
| 101 | 0 | @achi |
| 102 | @aCN@b110000 | |
| 105 | @aa z 000yy | |
| 200 | 1 | @a房地产项目全流程成本控制@9fang di chan xiang mu quan liu cheng cheng ben kong zhi@e关键点与实例解读@f史永明,计富元编著 |
| 210 | @a北京@c化学工业出版社@d2022 | |
| 215 | @a210页@c图@d24cm | |
| 330 | @a本书共分为十章,主要内容涵盖房地产项目从决策阶段、设计阶段、招投标阶段、施工阶段到竣工结算阶段、营销阶段和管理费用阶段全流程的成本控制要点和关键点,对建筑成本、管理费用、营销费用等全开发成本进行了详细的介绍。 | |
| 606 | 0 | @a房地产企业@x成本管理 |
| 690 | @aF293.342@v5 | |
| 690 | @aF293.3@v4 | |
| 701 | 0 | @a史永明@9shi yong ming@4编著 |
| 701 | 0 | @a计富元@9ji fu yuan@4编著 |
| 801 | 0 | @aCN@b91MARC@c20220509 |
| 905 | @aZUCC@dF293.3@e26 | |
| 房地产项目全流程成本控制:关键点与实例解读/史永明,计富元编著.-北京:化学工业出版社,2022 |
| 210页:图;24cm |
| ISBN 978-7-122-39842-0:CNY68.00 |
| 本书共分为十章,主要内容涵盖房地产项目从决策阶段、设计阶段、招投标阶段、施工阶段到竣工结算阶段、营销阶段和管理费用阶段全流程的成本控制要点和关键点,对建筑成本、管理费用、营销费用等全开发成本进行了详细的介绍。 |
| ● |
| 相关链接 |
|
|
|
正题名:房地产项目全流程成本控制
索取号:F293.3/26
 
预约/预借
| 序号 | 登录号 | 条形码 | 馆藏地/架位号 | 状态 | 备注 |
| 1 | 2000914303 | 2000914303 | 第三书库/ [索取号:F293.3/26] | 在馆 | |
| 2 | 2000914304 | 2000914304 | 第三书库/ [索取号:F293.3/26] | 在馆 | |
| 3 | 2000914305 | 2000914305 | 第三书库/ [索取号:F293.3/26] | 在馆 |